Geography of Asia/ (Record no. 205345)

MARC details
000 -LEADER
fixed length control field 00530nam a22001697a 4500
010 ## - LCCN (DPL NO)
LC control number ENG-141486
020 ## - INTERNATIONAL STANDARD BOOK NUMBER
International Standard Book Number 9788190515641
Terms of availability 1295.00
035 ## - SYSTEM CONTROL NUMBER
System control number EN-125018
037 ## - SOURCE OF ACQUISITION
Source of stock number/acquisition DBAD
082 ## - DEWEY DECIMAL CLASSIFICATION NUMBER
Edition number FIRST
Classification number 915
100 ## - MAIN ENTRY--PERSONAL NAME
Personal name Purty, Chandra Vijay
245 ## - TITLE STATEMENT
Title Geography of Asia/
Statement of responsibility, etc by Chandra Vijay Purty
Remainder of title
260 ## - PUBLICATION, DISTRIBUTION, ETC. (IMPRINT)
Place of publication, distribution, etc Shahdhara
Name of publisher, distributor, etc Shekhar Publication
Date of publication, distribution, etc 2022
270 ## - ADDRESS
Address 6/40, Mohalla Maharam, Gali Aryasamj, Shahdhara
City Delhi
Postal code 110032
300 ## - PHYSICAL DESCRIPTION
Extent 328p
Dimensions 22 cm(Hb)
942 ## - ADDED ENTRY ELEMENTS (KOHA)
Source of classification or shelving scheme Dewey Decimal Classification
Item type English Books
Edition First
Classification part 915
Call number suffix PUR
Holdings
Withdrawn status Lost status Not for loan Collection code Home library Current library Date acquired Source of acquisition Cost, normal purchase price Full call number Barcode Copy number Cost, replacement price Koha item type
      Non-fiction Shahdara Branch Shahdara Branch 28/08/2024 DBAD 1295.00 915 PUR EN-125018 First 1295.00 English Books

© Delhi Public Library
Hit Counter
free hit counter